MARC details
| 000 -CABECERA |
| campo de control de longitud fija |
01063nam a2200265 a 4500 |
| 003 - IDENTIFICADOR DEL NÚMERO DE CONTROL |
| campo de control |
DO-SdBNP |
| 005 - FECHA Y HORA DE LA ÚLTIMA TRANSACCIÓN |
| campo de control |
20240307073949.0 |
| 007 - CAMPO FIJO DE DESCRIPCIÓN FÍSICA--INFORMACIÓN GENERAL |
| campo de control de longitud fija |
ta |
| 008 - DATOS DE LONGITUD FIJA--INFORMACIÓN GENERAL |
| campo de control de longitud fija |
220617e2008 dr ac||gr|||| 000 s spa d |
| 040 ## - FUENTE DE LA CATALOGACIÓN |
| Centro catalogador/agencia de origen |
DO-SdBNP |
| Lengua de catalogación |
spa |
| Centro/agencia transcriptor |
BNPHU |
| 082 #4 - NÚMERO DE LA CLASIFICACIÓN DECIMAL DEWEY |
| Número de edición |
22 |
| Número de documento/Ítem |
U58s |
| 110 1# - ENTRADA PRINCIPAL--NOMBRE DE ENTIDAD CORPORATIVA |
| Nombre de entidad corporativa o nombre de jurisdicción como elemento de entrada |
Universidad Autónoma de Santo Domingo |
| 9 (RLIN) |
72951 |
| 245 10 - MENCIÓN DE TÍTULO |
| Título |
VII jornada de investigación científica 2008 |
| Mención de responsabilidad, etc. |
Presentación, María Josefina Copplind |
| 246 1# - FORMA VARIANTE DE TÍTULO |
| Título propio/Titulo breve |
Septima jornada de investigación científica 2008: |
| 246 4# - FORMA VARIANTE DE TÍTULO |
| Título propio/Titulo breve |
VII jornada de investigación científica 2008: |
| Resto del título |
libro de resúmenes |
| 260 ## - PUBLICACIÓN, DISTRIBUCIÓN, ETC. |
| Lugar de publicación, distribución, etc. |
Santo Domingo : |
| Nombre del editor, distribuidor, etc. |
Universitaria, UASD, |
| Fecha de publicación, distribución, etc. |
2008 |
| 300 ## - DESCRIPCIÓN FÍSICA |
| Extensión |
120 p. : |
| Otras características físicas |
il., retr. ; |
| Dimensiones |
21 cm. |
| 590 ## - NOTA LOCAL (RLIN) |
| Nota local |
Inventariado 2022 / MF |
| 650 #4 - PUNTO DE ACCESO ADICIONAL DE MATERIA--TÉRMINO DE MATERIA |
| 9 (RLIN) |
79816 |
| Término de materia o nombre geográfico como elemento de entrada |
Discursos |
| Subdivisión general |
Universidad Autónoma de Santo Domingo |
| Subdivisión cronológica |
República Dominicana |
| 651 #4 - PUNTO DE ACCESO ADICIONAL DE MATERIA--NOMBRE GEOGRÁFICO |
| 9 (RLIN) |
73979 |
| Nombre geográfico |
República Dominicana |
| Subdivisión general |
Educación Superior |
| 651 #4 - PUNTO DE ACCESO ADICIONAL DE MATERIA--NOMBRE GEOGRÁFICO |
| 9 (RLIN) |
32494 |
| Nombre geográfico |
República Dominicana |
| Subdivisión general |
Educación superior |
| -- |
Investigación Científica |
| 700 1# - PUNTO DE ACCESO ADICIONAL--NOMBRE DE PERSONA |
| Nombre de persona |
Copplind, María Josefina |
| Término indicativo de función/relación |
pres. |
| 9 (RLIN) |
81876 |
| 910 ## - DATOS DE OPCIÓN DEL USUARIO (OCLC) |
| Datos de opción del usuario |
MFeliz |
| 942 ## - ELEMENTOS DE PUNTO DE ACCESO ADICIONAL (KOHA) |
| Fuente del sistema de clasificación o colocación |
Dewey Decimal Classification |
| Tipo de ítem Koha |
Libro |